Statistics for Disney Princesses

Click here to take the quiz!

General Stats

  • This quiz has been taken 51 times
  • The average score is 12 of 20

Answer Stats

AnswerHint% Correct
AnnaFrozen
91%
AuroraSleeping Beauty
91%
CinderellaCinderella
87%
JasmineAladdin
87%
MulanMulan
85%
Snow WhiteSnow White
85%
ArielThe Little Mermaid
83%
BelleBeauty and the Beast
83%
RapunzelTangled
78%
TianaThe Princess and the Frog
76%
AladdinAladdin
63%
CharmingCinderella
52%
EricThe Little Mermaid
52%
KristoffFrozen
50%
Flynn RiderTangled
43%
NaveenThe Princess and the Frog
35%
PhilipSleeping Beauty
35%
AdamBeauty and the Beast
26%
ShangMulan
22%
FlorianSnow White
13%

Score Distribution

Percentile by Number Answered

Percent of People with Each Score

Your Score History

You have not taken this quiz